| Tag |
First Indicator |
Second Indicator |
Subfields |
| LEADER |
00000cam a22000001i 4500 |
| 001 |
in00004156513 |
| 005 |
20200117101230.0 |
| 006 |
m d f |
| 007 |
cr bn mmmapmmp |
| 008 |
181115s2018 mdu o f000 0 eng d |
| 024 |
8 |
|
|a hrghrg2018foa185097
|
| 024 |
8 |
|
|a chdc20180674
|
| 035 |
|
|
|a chdc20180674
|
| 040 |
|
|
|a UMI
|c UMI
|e rda
|d UtOrBLW
|
| 043 |
|
|
|a n-us---
|a a------
|
| 086 |
0 |
|
|a Y4.F76/1:115-152
|
| 110 |
1 |
|
|a United States.
|b Congress.
|b House.
|b Committee on Foreign Affairs.
|b Subcommittee on Asia and the Pacific,
|e issuing body.
|0 http://id.loc.gov/authorities/names/no93028447
|
| 245 |
1 |
0 |
|a Asia's Diplomatic and Security Structure :
|b Planning U.S. Engagement.
|
| 264 |
|
1 |
|a Bethesda, Md. :
|b ProQuest,
|c 2018.
|
| 300 |
|
|
|a 62 pages, digital, PDF file.
|
| 336 |
|
|
|a text
|2 rdacontent
|b txt
|
| 337 |
|
|
|a computer
|b c
|2 rdamedia
|
| 338 |
|
|
|a online resource
|2 rdacarrier
|b cr
|
| 500 |
|
|
|a Record is based on bibliographic data in ProQuest U.S. Congressional Hearings Digital Collection. Reuse except for individual research requires license from ProQuest, LLC.
|
| 500 |
|
|
|a "May 23, 2018."
|
| 500 |
|
|
|a Committee on Foreign Affairs Serial Number 115-152.
|
| 538 |
|
|
|a System requirements: PDF reader software.
|
| 533 |
|
|
|a Electronic reproduction.
|b [Bethesda, Md.] :
|c ProQuest,
|d 2018.
|e digital, PDF file.
|n ProQuest Congressional Hearings Digital Collection.
|n Mode of access: World Wide Web via ProQuest website.
|
| 650 |
|
0 |
|a National security
|z United States.
|0 http://id.loc.gov/authorities/subjects/sh85140387
|
| 650 |
|
0 |
|a Competition
|z Asia.
|
| 650 |
|
0 |
|a Balance of power
|z Asia.
|
| 776 |
0 |
8 |
|a United States. Congress. House. Committee on Foreign Affairs. Subcommittee on Asia and the Pacific.
|t Asia's Diplomatic and Security Structure
|o CIS 2018 H381-185097
|
| 856 |
4 |
0 |
|u http://proxy.library.tamu.edu/login?url=http://congressional.proquest.com/congcomp/getdoc?hearing-id=hrg-2018-foa-185097
|y electronic resource (pdf)
|z cis 2018 h381-185097
|t 0
|
| 999 |
f |
f |
|s 7e3836e2-fecc-301c-933f-070c7f4cf89e
|i 9561a3ac-3463-3b69-b23f-390ce9a572d0
|t 0
|
| 952 |
f |
f |
|a Texas A&M University
|b College Station
|c Electronic Resources
|d Available Online
|t 0
|e Y4.F76/1:115-152
|h Superintendent of Documents classification
|
| 998 |
f |
f |
|a Y4.F76/1:115-152
|t 0
|l Available Online
|